000 00296 a2200109 4500
001 ART_5844
005 20260410161618.0
008 260409a
245 1 0 _aEl fraude en las organizaciones
100 1 _aChalupowicz, Daniel
773 0 _tEnfoques
_g- NÂș 5 (may. 2007)
_wREV416
999 _c11240
_d11240